00695nam a2200205Ia 4500003000900000008004100009020001800050040001600068080001600084110003500100245011800135250001300253260004400266300001100310650003600321650001900357942000700376999001500383952009100398IN-BaIIA211028s9999 xx 000 0 eng d a0-85229-413-1 cIIA Library a031bEBR-10 aEncyclopedia Britannica910946 4aThe New Encyclopaedia Britannica in 30 Volumesbvol. 10, macropaedia, knowledge in depthcEncyclopedia Britannica a35th ed. aChicagobEncyclopaedia Britannicac1984 a1287p. aEncyclopedia-Macropaedia913714 aNASA Thesaurus cBK c8160d8160 00104070aBANbBANcGENd1985-03-19l0o031/EBR-10p8998r2021-11-05w1985-03-19yBK